[Event "37. Ciudad de Sevilla 2012"]
[Site "Sevilla ESP"]
[Date "2012.01.15"]
[Round "9.8"]
[White "Van Der Weide, Karel"]
[Black "Muñoz Martin, Pablo"]
[Result "1-0"]
[WhiteElo "2445"]
[BlackElo "2243"]
[PlyCount "99"]
[EventDate "2012.01.07"]
[EventType "swiss"]
[EventRounds "9"]
[EventCountry "ESP"]
[Source "lmi"]
[SourceDate "2012.01.07"]

1. e4 c5 2. Nf3 Nc6 3. d4 cxd4 4. Nxd4 Nf6 5. Nc3 e5 6. Ndb5 d6 7. Bg5 a6 8.
Na3 b5 9. Bxf6 gxf6 10. Nd5 f5 11. Bd3 Be6 12. O-O Bg7 13. Qh5 f4 14. c4 Nd4
15. cxb5 O-O 16. Nc2 Nxc2 17. Bxc2 axb5 18. Rfd1 Rc8 19. Bb3 Kh8 20. Rd3 Rc5
21. Rad1 Bxd5 22. Rxd5 Rxd5 23. Rxd5 f5 24. Qe2 b4 25. exf5 Rxf5 26. Qd3 Rf8
27. Rxd6 Qh4 28. Qe4 Qh5 29. Bd1 Qg5 30. Bc2 Qh5 31. Rd3 f3 32. Rxf3 Rxf3 33.
Qxf3 Qxf3 34. gxf3 Kg8 35. a4 bxa3 36. bxa3 Bf8 37. a4 Bb4 38. Kf1 h6 39. Ke2
Kf7 40. Ke3 Ke6 41. f4 exf4+ 42. Kxf4 Bd6+ 43. Kg4 Bxh2 44. a5 Kf6 45. a6 Bb8
46. f4 Ba7 47. Kf3 Bb6 48. Ke4 Bg1 49. Bd1 Bf2 50. Bg4 1-0

[Event "37. Ciudad de Sevilla 2012"]
[Site "Sevilla ESP"]
[Date "2012.01.15"]
[Round "9.10"]
[White "Arjun, Bharat"]
[Black "Svetushkin, Dmitry"]
[Result "0-1"]
[WhiteElo "2194"]
[BlackElo "2598"]
[PlyCount "90"]
[EventDate "2012.01.07"]
[EventType "swiss"]
[EventRounds "9"]
[EventCountry "ESP"]
[Source "lmi"]
[SourceDate "2012.01.07"]

1. Nf3 Nf6 2. c4 Nc6 3. d4 e6 4. g3 Bb4+ 5. Bd2 Qe7 6. a3 Bxd2+ 7. Nbxd2 d6 8.
Bg2 O-O 9. O-O a5 10. Qc2 a4 11. Rac1 Bd7 12. e4 e5 13. d5 Nb8 14. c5 Bb5 15.
Rfe1 Na6 16. cxd6 cxd6 17. b4 axb3 18. Qxb3 Be8 19. Qb1 Nc5 20. Nb3 Nfd7 21.
Nxc5 Nxc5 22. Rc3 Bd7 23. Nd2 Ra7 24. Rec1 Rfa8 25. Nc4 Na4 26. Rb3 b5 27. Ne3
Nc5 28. Rb4 Rxa3 29. Bf1 R3a4 30. Rb2 g6 31. Bxb5 Bxb5 32. Rxb5 Qf6 33. Nc4 Ra1
34. Qxa1 Rxa1 35. Rxa1 Nxe4 36. Rb2 Qf3 37. Ne3 Ng5 38. Ra8+ Kg7 39. Ra7 Nh3+
40. Kf1 Qh1+ 41. Ke2 Qxh2 42. Ke1 Qh1+ 43. Ke2 e4 44. Rd2 Qc1 45. Raa2 Ng1# 0-1

[Event "37. Ciudad de Sevilla 2012"]
[Site "Sevilla ESP"]
[Date "2012.01.15"]
[Round "9.11"]
[White "Burmakin, Vladimir"]
[Black "Estremera Panos, Sergio"]
[Result "1-0"]
[WhiteElo "2593"]
[BlackElo "2379"]
[PlyCount "59"]
[EventDate "2012.01.07"]
[EventType "swiss"]
[EventRounds "9"]
[EventCountry "ESP"]
[Source "lmi"]
[SourceDate "2012.01.07"]

1. Nf3 Nf6 2. c4 g6 3. b3 Bg7 4. Bb2 O-O 5. g3 c6 6. Bg2 d5 7. O-O Re8 8. d3
Nbd7 9. Nc3 e5 10. cxd5 cxd5 11. Rc1 a6 12. b4 b5 13. Nd2 Nb6 14. Nb3 d4 15.
Ne4 Nxe4 16. Bxe4 Bh3 17. Re1 Na4 18. Qd2 f5 19. Bxa8 Qxa8 20. f3 Nxb2 21. Qxb2
e4 22. Nc5 Bh6 23. Qxd4 exf3 24. e4 Rd8 25. Qf2 fxe4 26. dxe4 Bxc1 27. Rxc1 Qb8
28. Qxf3 Qe5 29. Qe3 Rf8 30. Nd3 1-0

[Event "37. Ciudad de Sevilla 2012"]
[Site "Sevilla ESP"]
[Date "2012.01.15"]
[Round "9.12"]
[White "Sengupta, Deep"]
[Black "Barrero Garcia, Carlos"]
[Result "1-0"]
[WhiteElo "2562"]
[BlackElo "2370"]
[PlyCount "103"]
[EventDate "2012.01.07"]
[EventType "swiss"]
[EventRounds "9"]
[EventCountry "ESP"]
[Source "lmi"]
[SourceDate "2012.01.07"]

1. e4 e6 2. d4 d5 3. Nd2 c5 4. exd5 exd5 5. Ngf3 Nc6 6. Be2 c4 7. O-O Bd6 8. c3
Nf6 9. b3 cxb3 10. axb3 O-O 11. Re1 Re8 12. Nf1 Ne4 13. Bb2 Bg4 14. g3 Qe7 15.
Qd3 Qf6 16. Ne3 Be6 17. c4 Nb4 18. Qb1 h5 19. Ra4 a5 20. Bd1 h4 21. cxd5 Bd7
22. Ng2 Bxa4 23. Rxe4 Rxe4 24. Qxe4 Re8 25. Ne5 hxg3 26. hxg3 Bb5 27. Nf4 Qg5
28. Bh5 g6 29. Be2 Bxe2 30. Qxe2 Qf5 31. Qb5 Re7 32. Qxa5 Qb1+ 33. Kg2 Qe4+ 34.
Kh2 Rc7 35. Qa8+ Bf8 36. Ng4 Kg7 37. d6 Rc2 38. d7 Nc6 39. d5+ Rxb2 40. dxc6
Rb1 41. Qxf8+ Kxf8 42. d8=Q+ Kg7 43. Qf6+ Kg8 44. f3 Qc2+ 45. Ng2 Qxc6 46. Qd8+
Kg7 47. Qd4+ Kh7 48. Nf6+ Kg7 49. Nd5+ Kh7 50. Nge3 Qc1 51. Nf6+ Kg7 52. Nh5+
1-0

[Event "37. Ciudad de Sevilla 2012"]
[Site "Sevilla ESP"]
[Date "2012.01.15"]
[Round "9.15"]
[White "Rzayev, Bahruz"]
[Black "Teran Alvarez, Ismael"]
[Result "1-0"]
[WhiteElo "2308"]
[BlackElo "2422"]
[PlyCount "81"]
[EventDate "2012.01.07"]
[EventType "swiss"]
[EventRounds "9"]
[EventCountry "ESP"]
[Source "lmi"]
[SourceDate "2012.01.07"]

1. e4 c5 2. Nc3 e6 3. g3 d5 4. Bg2 dxe4 5. Nxe4 Be7 6. Qg4 g6 7. Qe2 Nc6 8. Nf3
Nf6 9. d3 O-O 10. h4 h5 11. O-O Ng4 12. Nh2 Nd4 13. Qd1 e5 14. Nxg4 Bxg4 15. f3
Be6 16. Be3 Re8 17. f4 Bg4 18. Qd2 Ne2+ 19. Kh2 Bxh4 20. Bf2 f5 21. Nc3 Nxc3
22. Qxc3 Bf6 23. fxe5 Bg7 24. Rae1 b6 25. Qc4+ Kh7 26. e6 Qe7 27. Be3 Bf6 28.
Bf4 Kg7 29. Qd5 h4 30. gxh4 Rad8 31. Qb7 Rh8 32. Qxe7+ Bxe7 33. Be5+ Bf6 34.
Kg3 Rhe8 35. Bf4 Re7 36. b3 Rh8 37. Bg5 Bxg5 38. hxg5 Rh5 39. Kf4 Rh2 40. Rg1
Rh4 41. Ke5 1-0

[Event "37. Ciudad de Sevilla 2012"]
[Site "Sevilla ESP"]
[Date "2012.01.15"]
[Round "9.16"]
[White "Aranaz Murillo, Amalia"]
[Black "Pogorelov, Ruslan"]
[Result "0-1"]
[WhiteElo "2229"]
[BlackElo "2415"]
[PlyCount "116"]
[EventDate "2012.01.07"]
[EventType "swiss"]
[EventRounds "9"]
[EventCountry "ESP"]
[Source "lmi"]
[SourceDate "2012.01.07"]

1. Nf3 Nf6 2. c4 e6 3. g3 d5 4. d4 Bb4+ 5. Bd2 Be7 6. Bg2 c6 7. Qc2 O-O 8. O-O
Nbd7 9. Bf4 b6 10. Nbd2 Nh5 11. Rfd1 Bb7 12. cxd5 cxd5 13. Bc7 Qe8 14. Rac1 Rc8
15. Qa4 Nc5 16. Qxe8 Rfxe8 17. dxc5 Rxc7 18. cxb6 Rxc1 19. Rxc1 axb6 20. Rc7
Ba8 21. e3 h6 22. Bf1 Bd6 23. Ra7 e5 24. Ba6 Nf6 25. Bb7 Bxb7 26. Rxb7 Rb8 27.
Rxb8+ Bxb8 28. Ne1 Kf8 29. f3 Ke7 30. e4 Kd6 31. Nd3 b5 32. Kf1 Ba7 33. Ke2 g6
34. b3 Nd7 35. a4 bxa4 36. bxa4 f5 37. exd5 Kxd5 38. Nb4+ Kc5 39. Nd3+ Kd6 40.
g4 e4 41. fxe4 fxg4 42. Nc4+ Ke6 43. Kf1 g5 44. Nb4 Nf6 45. Nc6 Bc5 46. Nd8+
Ke7 47. Nc6+ Kd7 48. N6e5+ Ke6 49. a5 h5 50. Nd3 Bd4 51. e5 Ne4 52. Nb4 h4 53.
Nc6 Bc5 54. a6 Kd5 55. N4a5 g3 56. a7 Nd2+ 57. Ke2 Bxa7 58. Nb4+ Ke6 0-1

[Event "37. Ciudad de Sevilla 2012"]
[Site "Sevilla ESP"]
[Date "2012.01.15"]
[Round "9.17"]
[White "Barrantes Munoz, Hugo Pedro"]
[Black "Roy Chowdhury, Saptarshi"]
[Result "0-1"]
[WhiteElo "2211"]
[BlackElo "2414"]
[PlyCount "76"]
[EventDate "2012.01.07"]
[EventType "swiss"]
[EventRounds "9"]
[EventCountry "ESP"]
[Source "lmi"]
[SourceDate "2012.01.07"]

1. c4 e5 2. g3 Nc6 3. Bg2 Nf6 4. Nc3 Bb4 5. Nd5 Bc5 6. e3 O-O 7. Ne2 d6 8. O-O
Bb6 9. d4 exd4 10. Nxb6 axb6 11. Nxd4 Bg4 12. f3 Be6 13. b3 Nxd4 14. Qxd4 d5
15. c5 bxc5 16. Qxc5 Nd7 17. Qc2 c6 18. Bb2 Re8 19. Kh1 f6 20. g4 Bf7 21. Qc3
Qc7 22. Rfe1 Bg6 23. a4 Ne5 24. Rad1 h5 25. h3 hxg4 26. hxg4 Rad8 27. Kg1 Qf7
28. Rd4 Rd7 29. a5 Rde7 30. Ba3 Re6 31. Bc5 Bh7 32. Qb2 Nd7 33. b4 Rxe3 34.
Rxe3 Rxe3 35. Ba7 Ne5 36. Qf2 Rb3 37. Qe2 Qg6 38. Bb8 Qg5 0-1

[Event "37. Ciudad de Sevilla 2012"]
[Site "Sevilla ESP"]
[Date "2012.01.15"]
[Round "9.18"]
[White "Komljenovic, Davorin"]
[Black "Gomez Rebollo, Alfonso Carlos"]
[Result "1/2-1/2"]
[WhiteElo "2457"]
[BlackElo "2160"]
[PlyCount "113"]
[EventDate "2012.01.07"]
[EventType "swiss"]
[EventRounds "9"]
[EventCountry "ESP"]
[Source "lmi"]
[SourceDate "2012.01.07"]

1. d4 f5 2. g3 Nf6 3. Bg2 g6 4. c4 Bg7 5. Nc3 d6 6. Bg5 c6 7. f4 Qb6 8. Qd2 Be6
9. b3 Nbd7 10. e3 Bf7 11. Nge2 h6 12. Bh4 O-O 13. O-O Rfe8 14. Rad1 e5 15. c5
Qb4 16. Bxf6 Nxf6 17. fxe5 dxe5 18. Ne4 Qxd2 19. Nxf6+ Bxf6 20. Rxd2 Bg5 21.
Rd3 exd4 22. Nf4 dxe3 23. Re1 Bf6 24. Rd7 Re7 25. Rxe7 Bxe7 26. Nd3 Rd8 27.
Rxe3 Bf6 28. Kf1 Re8 29. Ke2 Bd4 30. Rxe8+ Bxe8 31. b4 Bf7 32. b5 Bxa2 33. bxc6
bxc6 34. Bxc6 Bc4 35. Be8 Bxc5 36. Bxg6 Bg1 37. Bxf5 a5 38. Kd2 a4 39. Nc1 a3
40. Bb1 Bxh2 41. Kc3 Be6 42. Kb4 Bxg3 43. Kxa3 h5 44. Ne2 Be5 45. Bg6 h4 46.
Ng1 Kg7 47. Be4 Kf6 48. Bg2 Bd4 49. Nf3 Bc5+ 50. Kb2 h3 51. Bf1 Be3 52. Kc2
Bf5+ 53. Kd1 Bg4 54. Kc2 Kf5 55. Nh2 Bg1 56. Nxg4 Kxg4 57. Bxh3+ 1/2-1/2

[Event "37. Ciudad de Sevilla 2012"]
[Site "Sevilla ESP"]
[Date "2012.01.15"]
[Round "9.19"]
[White "Lasinskas, Povilas"]
[Black "Zozulia, Anna"]
[Result "1/2-1/2"]
[WhiteElo "2138"]
[BlackElo "2357"]
[PlyCount "143"]
[EventDate "2012.01.07"]
[EventType "swiss"]
[EventRounds "9"]
[EventCountry "ESP"]
[Source "lmi"]
[SourceDate "2012.01.07"]

1. d4 Nf6 2. c4 g6 3. Nc3 Bg7 4. Bg5 O-O 5. Qc2 c5 6. d5 d6 7. Nf3 a6 8. a4 a5
9. h3 Na6 10. e4 e5 11. dxe6 Bxe6 12. Be2 Re8 13. O-O h6 14. Bf4 g5 15. Bh2 g4
16. hxg4 Nxg4 17. Bg3 Nb4 18. Qd2 Ne5 19. Nxe5 dxe5 20. Nd5 f5 21. exf5 Bxf5
22. Rad1 Bc2 23. Ra1 Bg6 24. Rfd1 Nc2 25. Rac1 Nd4 26. Qe3 Qg5 27. Bf1 Rad8 28.
Rc3 Kh8 29. Bh2 Qxe3 30. fxe3 Nc6 31. Be2 Nb4 32. Bg3 Bc2 33. Rd2 Be4 34. Bh5
Rf8 35. Bh4 Nxd5 36. cxd5 Bf6 37. Bxf6+ Rxf6 38. Rxc5 b6 39. Rc7 Rxd5 40. Rxd5
Bxd5 41. Be8 Re6 42. Bd7 Rg6 43. Bh3 Rg7 44. Rc8+ Rg8 45. Rc3 Be4 46. Rc4 Bd5
47. Rc7 Rg7 48. Rc1 Rg6 49. Rc8+ Kg7 50. Rc7+ Kf8 51. Kf2 Rc6 52. Rd7 Be4 53.
Rd8+ Ke7 54. Rd7+ Ke8 55. Rd2 Rc2 56. Bd7+ Ke7 57. Rxc2 Bxc2 58. Bb5 Kd6 59.
Ke2 Kc5 60. Kd2 Be4 61. g3 Kb4 62. Bd7 Bd5 63. Kc2 Bb3+ 64. Kd3 Bd5 65. Kc2 e4
66. Kc1 Bc4 67. Bc6 Bd3 68. Kd2 Kb3 69. Kc1 Kb4 70. Kd2 Kb3 71. Kc1 Kb4 72. Kd2
1/2-1/2

[Event "37. Ciudad de Sevilla 2012"]
[Site "Sevilla ESP"]
[Date "2012.01.15"]
[Round "9.22"]
[White "Romero Romero, Sebastian"]
[Black "Saric, Kristina"]
[Result "1-0"]
[WhiteElo "2109"]
[BlackElo "2235"]
[PlyCount "77"]
[EventDate "2012.01.07"]
[EventType "swiss"]
[EventRounds "9"]
[EventCountry "ESP"]
[Source "lmi"]
[SourceDate "2012.01.07"]

1. e4 c5 2. Nf3 Nc6 3. d4 cxd4 4. Nxd4 Qb6 5. Nb3 Nf6 6. Nc3 e6 7. Be3 Qc7 8.
a3 d6 9. Be2 a6 10. f4 Be7 11. O-O b5 12. Bf3 Bb7 13. Qe1 O-O 14. Rd1 Rac8 15.
Qg3 Rfe8 16. Kh1 Bf8 17. e5 Nd7 18. Ne4 d5 19. Ng5 Nd8 20. Nd4 h6 21. Nxf7 Nxf7
22. b4 Nb8 23. Be2 Nc6 24. Bd3 Nxd4 25. Bxd4 Nh8 26. Qg4 g6 27. h4 h5 28. Qh3
Qh7 29. Rg1 Rc7 30. g4 Rg7 31. f5 hxg4 32. fxg6 Nxg6 33. Rxg4 Kh8 34. h5 Nf4
35. Rxf4 Qg8 36. Bg6 Rc8 37. Rf6 Be7 38. Rxe6 Rf8 39. Rxe7 1-0

[Event "37. Ciudad de Sevilla 2012"]
[Site "Sevilla ESP"]
[Date "2012.01.15"]
[Round "9.65"]
[White "Garcia Felizon, Eduardo"]
[Black "Diaz Castro, Ismael"]
[Result "1-0"]
[WhiteElo "1776"]
[BlackElo "1911"]
[PlyCount "118"]
[EventDate "2012.01.07"]
[EventType "swiss"]
[EventRounds "9"]
[EventCountry "ESP"]
[Source "lmi"]
[SourceDate "2012.01.07"]

1. e4 g6 2. Nf3 Bg7 3. Nc3 d6 4. Bb5+ c6 5. Bc4 Nf6 6. d3 O-O 7. Bg5 Nbd7 8. a4
e5 9. Qd2 Qc7 10. h4 h5 11. Bh6 a5 12. Bxg7 Kxg7 13. Ng5 Qb6 14. Rb1 Ng4 15.
O-O Nc5 16. d4 Na6 17. d5 Qb4 18. Qe2 Nc5 19. f3 Nh6 20. dxc6 bxc6 21. Rfd1 f6
22. Nh3 Ne6 23. Bxe6 Bxe6 24. Qd2 Rad8 25. Nf2 d5 26. Nd3 Qb6+ 27. Qf2 d4 28.
b4 Rb8 29. Nc5 Kf7 30. Nxe6 Kxe6 31. bxa5 Qxa5 32. Ne2 Qxa4 33. Ra1 Qb5 34.
Rxd4 Rfd8 35. Rxd8 Rxd8 36. Nc3 Qb2 37. Rd1 Rxd1+ 38. Nxd1 Qc1 39. Qe2 Nf7 40.
Kf2 Nd6 41. Ne3 Qa3 42. Nc4 Qc5+ 43. Ne3 f5 44. exf5+ Nxf5 45. g4 hxg4 46. fxg4
Nxh4 47. Kg3 g5 48. Qd3 Qd4 49. Qb3+ Kf6 50. Qd3 Qxd3 51. cxd3 Ng6 52. Kf3 Ne7
53. Ke4 Nd5 54. Nxd5+ cxd5+ 55. Kxd5 e4 56. Kxe4 Ke6 57. d4 Kf6 58. Kd5 Kf7 59.
Kc5 Kg6 1-0